[Event "DEM U16w 2009"]
[Site "Willingen GER"]
[Date "2009.06.05"]
[Round "8"]
[White "Anker, Christin"]
[Black "Nguyen Minh, Thuy"]
[Result "1/2-1/2"]
[Termination "normal"]
[Board "3"]
[WhiteElo "1886"]
[BlackElo "1862"]
[PlyCount "91"]
[WhiteFideId "1615688"]
[BlackFideId "24672688"]
[EventCountry "GER"]
[EventRounds "9"]
[EventType "swiss"]
[EventDate "2009.05.30"]

1. e4 c5 2. Nf3 d6 3. d4 cxd4 4. Nxd4 Nf6 5. Nc3 a6 6. f3 e5 7. Nb3 Be6 8. Be3
Be7 9. Qd2 Nbd7 10. g4 O-O 11. O-O-O b5 12. h4 b4 13. Nd5 Bxd5 14. exd5 Nb6 15.
Bxb6 Qxb6 16. h5 h6 17. Kb1 Nd7 18. Qd3 a5 19. Qf5 Rfd8 20. Bd3 Nf8 21. f4 a4
22. Nd2 Qd4 23. fxe5 dxe5 24. Nf3 Qxd5 25. Qxe5 Bf6 26. Qxd5 Rxd5 27. Bh7+ Kxh7
28. Rxd5 Ne6 29. Rb5 a3 30. bxa3 bxa3 31. c4 Ra4 32. Rc1 Bb2 33. Rc2 g6 34.
Rbxb2 axb2 35. Kxb2 gxh5 36. gxh5 Ra5 37. Rh2 Nf4 38. Kb3 Nxh5 39. Kb4 Rf5 40.
Nh4 Re5 41. a4 Nf4 42. a5 Nd3+ 43. Ka4 Rc5 44. Rc2 Ne5 45. Kb4 Nd3+ 46. Ka4
1/2-1/2

[Event "DEM U16w 2009"]
[Site "Willingen GER"]
[Date "2009.06.05"]
[Round "8"]
[White "Smolkina, Milana"]
[Black "Dorn, Carina"]
[Result "1-0"]
[Termination "normal"]
[Board "4"]
[WhiteElo "1917"]
[BlackElo "1793"]
[PlyCount "37"]
[WhiteFideId "24618780"]
[BlackFideId "24666335"]
[EventCountry "GER"]
[EventRounds "9"]
[EventType "swiss"]
[EventDate "2009.05.30"]

1. e4 e6 2. d4 d5 3. Nc3 dxe4 4. Nxe4 Nd7 5. Nf3 Ngf6 6. Nxf6+ Nxf6 7. Be3 Be7
8. Bd3 O-O 9. Qe2 b6 10. O-O-O Bb7 11. h4 Qc8 12. Bg5 Nd5 13. c4 Nf6 14. Rh3
Re8 15. Qc2 h5 16. Ne5 c5 17. dxc5 Qxc5 18. Bxf6 Bxf6 19. Bh7+ 1-0

[Event "DEM U16w 2009"]
[Site "Willingen GER"]
[Date "2009.06.05"]
[Round "8"]
[White "Müller, Alexandra"]
[Black "Blübaum, Johanna"]
[Result "1/2-1/2"]
[Termination "normal"]
[Board "5"]
[WhiteElo "1561"]
[BlackElo "1951"]
[PlyCount "125"]
[WhiteFideId "24691496"]
[BlackFideId "24647373"]
[EventCountry "GER"]
[EventRounds "9"]
[EventType "swiss"]
[EventDate "2009.05.30"]

1. e4 e6 2. d4 d5 3. Nd2 Be7 4. Bd3 c5 5. dxc5 Nf6 6. Ngf3 a5 7. b3 dxe4 8.
Nxe4 Nxe4 9. Bxe4 Qxd1+ 10. Kxd1 Bxc5 11. Ke2 Nc6 12. Bb2 O-O 13. Rhd1 a4 14.
Bxc6 bxc6 15. Ne5 Ba6+ 16. Ke1 Rfd8 17. Nd7 Bb4+ 18. c3 Ba5 19. Nc5 a3 20.
Rxd8+ Rxd8 21. b4 axb2 22. Rb1 Bb6 23. Nxa6 Ra8 24. b5 cxb5 25. Nb4 Rc8 26.
Rxb2 Rxc3 27. Ke2 Kf8 28. Nd3 Ra3 29. Nc1 Ra5 30. Nb3 Ra4 31. Nc1 Re4+ 32. Kf3
Re5 33. Nd3 Rf5+ 34. Ke2 Ba7 35. Rb4 Rd5 36. Rb3 g6 37. Ra3 Rd7 38. Rb3 Rd5 39.
Ra3 Bd4 40. Rb3 Ke7 41. Rb4 e5 42. a4 bxa4 43. Rxa4 f5 44. h3 Rd6 45. Rc4 Rd7
46. g4 Ra7 47. Rc2 Kd6 48. Nc1 Rc7 49. Rxc7 Kxc7 50. f3 Kd6 51. Kd3 Kd5 52.
gxf5 gxf5 53. Nb3 e4+ 54. fxe4+ fxe4+ 55. Ke2 Ke5 56. Kf1 Bb6 57. Nd2 Kf4 58.
Nxe4 Kxe4 59. Kg2 Kf4 60. Kh2 Bc7 61. Kg2 h5 62. h4 Kg4 63. Kh1 1/2-1/2

[Event "DEM U16w 2009"]
[Site "Willingen GER"]
[Date "2009.06.05"]
[Round "8"]
[White "Micklich, Rahel"]
[Black "Falke, Cynthia"]
[Result "1/2-1/2"]
[Termination "normal"]
[Board "7"]
[WhiteElo "1779"]
[BlackElo "1502"]
[PlyCount "57"]
[WhiteFideId "24639184"]
[BlackFideId "24600644"]
[EventCountry "GER"]
[EventRounds "9"]
[EventType "swiss"]
[EventDate "2009.05.30"]

1. e4 e5 2. d4 d6 3. d5 f5 4. Bd3 fxe4 5. Bxe4 Nf6 6. Bg5 Be7 7. Bxf6 Bxf6 8.
Qh5+ g6 9. Qh6 Qe7 10. Nf3 Bg7 11. Qe3 Na6 12. Ng5 Nc5 13. h4 Bh6 14. Nd2 Bf5
15. f3 Nxe4 16. fxe4 Bxg5 17. Qxg5 Qxg5 18. hxg5 Bg4 19. Rh4 Bd7 20. Nf3 Kf7
21. Kd2 Bb5 22. Rah1 Kg7 23. b3 Raf8 24. Ke3 a5 25. Nh2 Bd7 26. Ng4 Bxg4 27.
Rxg4 Ra8 28. a4 Ra6 29. Rf1 1/2-1/2

[Event "DEM U16w 2009"]
[Site "Willingen GER"]
[Date "2009.06.05"]
[Round "8"]
[White "Harder, Anne"]
[Black "Sonnhalter, Stella"]
[Result "1-0"]
[Termination "normal"]
[Board "8"]
[WhiteElo "1598"]
[BlackElo "1766"]
[PlyCount "67"]
[WhiteFideId "4614631"]
[BlackFideId "4624815"]
[EventCountry "GER"]
[EventRounds "9"]
[EventType "swiss"]
[EventDate "2009.05.30"]

1. e4 c5 2. d4 cxd4 3. c3 Nf6 4. e5 Nd5 5. cxd4 Nc6 6. Nf3 g6 7. Bc4 Nb6 8. Bb3
Bg7 9. O-O O-O 10. Bf4 d6 11. Nc3 Bg4 12. exd6 exd6 13. Nb5 d5 14. h3 Bxf3 15.
Qxf3 a6 16. Bc7 Nxd4 17. Qd3 Qd7 18. Nxd4 Qxc7 19. Rfd1 Rfd8 20. Rac1 Qd6 21.
Rc2 Nc4 22. Nf5 Qf6 23. Nxg7 Nxb2 24. Nh5 gxh5 25. Qg3+ Kf8 26. Rxd5 h4 27.
Rxd8+ Rxd8 28. Qc7 Rd1+ 29. Kh2 Nd3 30. Qc8+ Kg7 31. Qxb7 Kf8 32. Qc8+ Ke7 33.
Rc7+ Kd6 34. Rc6+ 1-0

[Event "DEM U16w 2009"]
[Site "Willingen GER"]
[Date "2009.06.05"]
[Round "8"]
[White "Stitterich, Nadine"]
[Black "Grömping, Carolin"]
[Result "1-0"]
[Termination "normal"]
[Board "9"]
[WhiteElo "1918"]
[BlackElo "1475"]
[PlyCount "125"]
[WhiteFideId "24676527"]
[EventCountry "GER"]
[EventRounds "9"]
[EventType "swiss"]
[EventDate "2009.05.30"]

1. e4 c5 2. Nf3 Nc6 3. d4 cxd4 4. Nxd4 g6 5. Nc3 Bg7 6. Be3 Nf6 7. Bc4 O-O 8.
Bb3 a5 9. O-O d6 10. h3 Bd7 11. a4 Nxd4 12. Bxd4 Bc6 13. Qd3 Qc7 14. Rfe1 Rfd8
15. Qe3 Nd7 16. Bxg7 Kxg7 17. Re2 Nc5 18. Nd5 Bxd5 19. exd5 Nxb3 20. cxb3 Re8
21. Rc1 Qd8 22. Rec2 Rb8 23. Rc7 Kg8 24. Qb6 e6 25. Qxa5 Qg5 26. Rd1 Qe5 27.
Qc3 exd5 28. Qf3 Re7 29. Rc3 Qe4 30. Rcd3 Qxf3 31. Rxf3 b5 32. Rxd5 bxa4 33.
bxa4 Rxb2 34. Rxd6 Ra7 35. Rd4 Ra2 36. Rff4 Kg7 37. g3 h6 38. Rb4 Kg8 39. Kg2
Kg7 40. Rfd4 Ra6 41. h4 h5 42. g4 Rf6 43. Rf4 hxg4 44. Rxf6 Kxf6 45. Rxg4 Kf5
46. Kg3 Ra3+ 47. f3 Kf6 48. Rb4 Kg7 49. Kf4 Kh6 50. Ke5 Rxf3 51. Rf4 Ra3 52.
Kf6 Kh5 53. Kxf7 Rb3 54. Rc4 Rb7+ 55. Ke6 Ra7 56. Kd6 g5 57. hxg5 Kxg5 58. Rc5+
Kf6 59. a5 Ra6+ 60. Kc7 Ke7 61. Kb7 Rd6 62. a6 Rd7+ 63. Rc7 1-0

[Event "DEM U16w 2009"]
[Site "Willingen GER"]
[Date "2009.06.05"]
[Round "8"]
[White "Jünger, Theresa"]
[Black "Beier, Nina"]
[Result "1/2-1/2"]
[Termination "normal"]
[Board "10"]
[WhiteElo "1575"]
[BlackElo "1393"]
[PlyCount "45"]
[BlackFideId "24660434"]
[EventCountry "GER"]
[EventRounds "9"]
[EventType "swiss"]
[EventDate "2009.05.30"]

1. d4 d5 2. e3 e6 3. Bd3 Nf6 4. f4 c5 5. c3 Qd7 6. Nf3 b6 7. Ne5 Qc7 8. O-O g6
9. Nd2 Bg7 10. Qe1 Ba6 11. Bxa6 Nxa6 12. Qe2 Nb8 13. h3 O-O 14. g4 Nfd7 15.
Ndf3 f6 16. Nxd7 Nxd7 17. Bd2 Rae8 18. Qg2 Nb8 19. Rae1 Qb7 20. h4 Kf7 21. Qh3
Ke7 22. Rf2 Kd8 23. Rfe2 1/2-1/2

[Event "DEM U16w 2009"]
[Site "Willingen GER"]
[Date "2009.06.05"]
[Round "8"]
[White "Maiwald, Anja"]
[Black "Wild, Katharina"]
[Result "0-1"]
[Termination "normal"]
[Board "11"]
[WhiteElo "1331"]
[BlackElo "1904"]
[PlyCount "70"]
[BlackFideId "24678015"]
[EventCountry "GER"]
[EventRounds "9"]
[EventType "swiss"]
[EventDate "2009.05.30"]

1. e4 c6 2. Nc3 d5 3. Nf3 dxe4 4. Nxe4 Bg4 5. h3 Bh5 6. Ng3 Bxf3 7. Qxf3 e6 8.
Bc4 Nf6 9. d3 Be7 10. Bd2 Nbd7 11. Bc3 a5 12. a3 b5 13. Bb3 b4 14. Bxf6 Bxf6
15. Rb1 bxa3 16. bxa3 Bc3+ 17. Kd1 Ne5 18. Qe2 Rb8 19. f4 Nc4 20. Qe4 Nxa3 21.
Qxc6+ Kf8 22. Qxc3 Nxb1 23. Qa1 Rxb3 24. cxb3 Qxd3+ 25. Kc1 Qxg3 26. Kxb1 Qxb3+
27. Qb2 Qxb2+ 28. Kxb2 Ke7 29. Rd1 Rb8+ 30. Ka3 Rb4 31. g3 Re4 32. Rd3 h6 33.
Kb3 g5 34. Rf3 gxf4 35. gxf4 Kf6 0-1

[Event "DEM U16w 2009"]
[Site "Willingen GER"]
[Date "2009.06.05"]
[Round "8"]
[White "Velina, Valeria"]
[Black "Begeluri, Nino"]
[Result "1/2-1/2"]
[Termination "normal"]
[Board "12"]
[WhiteElo "1782"]
[BlackElo "1776"]
[PlyCount "79"]
[WhiteFideId "24677345"]
[EventCountry "GER"]
[EventRounds "9"]
[EventType "swiss"]
[EventDate "2009.05.30"]

1. e4 c5 2. Nf3 Nc6 3. d4 cxd4 4. Nxd4 e5 5. Nb3 d6 6. Nc3 Be6 7. Be2 Nge7 8.
O-O a6 9. Be3 d5 10. exd5 Nxd5 11. Nxd5 Qxd5 12. Qxd5 Bxd5 13. c4 Be6 14. Nc5
Bxc5 15. Bxc5 Rd8 16. Rad1 Rxd1 17. Rxd1 f5 18. b3 Kf7 19. Bf3 e4 20. Be2 Rd8
21. Rxd8 Nxd8 22. f3 Nc6 23. fxe4 fxe4 24. Kf2 Bf5 25. Ke3 g5 26. Bh5+ Kf6 27.
g4 Bd7 28. Kxe4 Nd8 29. Bd4+ Ke6 30. Bc3 Bc6+ 31. Kd3 Bf3 32. a3 Kd7 33. b4 Ne6
34. Ke3 Bd1 35. Kd2 Bb3 36. c5 Nf4 37. Bf6 Nxh5 38. gxh5 g4 39. h6 Kc6 40. Kc3
1/2-1/2

[Event "DEM U16w 2009"]
[Site "Willingen GER"]
[Date "2009.06.05"]
[Round "8"]
[White "Garny, Annica"]
[Black "Rusch, Julia"]
[Result "0-1"]
[Termination "normal"]
[Board "13"]
[WhiteElo "1604"]
[BlackElo "1425"]
[PlyCount "84"]
[WhiteFideId "24600660"]
[EventCountry "GER"]
[EventRounds "9"]
[EventType "swiss"]
[EventDate "2009.05.30"]

1. e4 c6 2. d4 d5 3. Nc3 dxe4 4. Nxe4 Bf5 5. Ng3 Bg6 6. Nf3 Nd7 7. h4 h6 8. h5
Bh7 9. Bd3 Bxd3 10. Qxd3 Ngf6 11. Bd2 e6 12. O-O-O Qc7 13. Ne4 O-O-O 14. Kb1
Nxe4 15. Qxe4 Nf6 16. Qe2 Bd6 17. c4 Bf4 18. Bc3 Rhe8 19. g3 Bd6 20. c5 Bf8 21.
Ne5 Nd5 22. Qf3 Nxc3+ 23. Qxc3 f6 24. Ng6 Rd7 25. Nxf8 Rxf8 26. Qc4 Rd5 27. Qd3
Rfd8 28. Rh4 Qf7 29. Qe3 e5 30. a3 exd4 31. Rdxd4 Rxd4 32. Rxd4 Rxd4 33. Qxd4
Qxh5 34. Qd6 Qh1+ 35. Kc2 Qe4+ 36. Kd2 Qd5+ 37. Qxd5 cxd5 38. Kd3 Kd7 39. a4 a5
40. Kc3 Kc6 41. Kd4 h5 42. f4 g6 0-1

[Event "DEM U16w 2009"]
[Site "Willingen GER"]
[Date "2009.06.06"]
[Round "9"]
[White "Endress, Anna"]
[Black "Anker, Christin"]
[Result "1-0"]
[Termination "normal"]
[Board "1"]
[WhiteElo "2066"]
[BlackElo "1886"]
[PlyCount "45"]
[WhiteFideId "24629472"]
[BlackFideId "1615688"]
[EventCountry "GER"]
[EventRounds "9"]
[EventType "swiss"]
[EventDate "2009.05.30"]

1. e4 e5 2. Nf3 Nc6 3. Bb5 a6 4. Ba4 Nf6 5. O-O b5 6. Bb3 Bc5 7. a4 Rb8 8. c3
d6 9. d4 Bb6 10. axb5 axb5 11. Qd3 Bd7 12. Na3 O-O 13. Nxb5 Qe8 14. Re1 Na5 15.
Ba4 d5 16. Nxe5 dxe4 17. Qe2 Bxb5 18. Bxb5 c6 19. Ba4 Qe6 20. Bf4 Rfc8 21. b4
Nb7 22. Nxc6 Ra8 23. Qb5 1-0

[Event "DEM U16w 2009"]
[Site "Willingen GER"]
[Date "2009.06.06"]
[Round "9"]
[White "Bochis, Julia"]
[Black "Schulz, Anja"]
[Result "1-0"]
[Termination "normal"]
[Board "2"]
[WhiteElo "2047"]
[BlackElo "1995"]
[PlyCount "63"]
[WhiteFideId "24647276"]
[BlackFideId "24647845"]
[EventCountry "GER"]
[EventRounds "9"]
[EventType "swiss"]
[EventDate "2009.05.30"]

1. e4 c5 2. Ne2 Nc6 3. d4 cxd4 4. Nxd4 Nf6 5. Nc3 e6 6. Nxc6 bxc6 7. e5 Nd5 8.
Ne4 Qc7 9. f4 Qb6 10. c4 Bb4+ 11. Ke2 Ba6 12. Kf3 f5 13. exf6 Nxf6 14. Be3 c5
15. Nxf6+ gxf6 16. a3 Bb7+ 17. Kf2 Bxa3 18. bxa3 O-O 19. Rb1 Qc6 20. Rb5 d6 21.
Qf3 Qxf3+ 22. gxf3 Ba6 23. Ra5 Bb7 24. Bh3 Kf7 25. Rb1 Bc6 26. Ra6 Rfc8 27. f5
e5 28. Rd1 Ke7 29. Rg1 Be8 30. Rg7+ Bf7 31. Bg4 Rf8 32. Bh5 1-0

[Event "DEM U16w 2009"]
[Site "Willingen GER"]
[Date "2009.06.06"]
[Round "9"]
[White "Stark, Saskia"]
[Black "Smolkina, Milana"]
[Result "1/2-1/2"]
[Termination "normal"]
[Board "3"]
[WhiteElo "1936"]
[BlackElo "1917"]
[PlyCount "129"]
[WhiteFideId "4601050"]
[BlackFideId "24618780"]
[EventCountry "GER"]
[EventRounds "9"]
[EventType "swiss"]
[EventDate "2009.05.30"]

1. e4 c5 2. Nf3 d6 3. d4 cxd4 4. Nxd4 Nf6 5. Nc3 g6 6. Nd5 Nxd5 7. Bb5+ Bd7 8.
exd5 Bxb5 9. Nxb5 Qa5+ 10. Nc3 Bg7 11. O-O O-O 12. Re1 Re8 13. Bg5 Kf8 14. Qe2
Qd8 15. Qd2 Nd7 16. Ne4 Nb6 17. Bh6 Rc8 18. b3 Qc7 19. c4 Kg8 20. Bxg7 Kxg7 21.
Qd4+ Kg8 22. Re3 a5 23. Rae1 Nd7 24. Ng5 Nf6 25. Rh3 h5 26. Rg3 Qd7 27. Qd3 h4
28. Rge3 Qg4 29. Nh3 Rc7 30. f3 Qh5 31. Qd4 a4 32. Nf2 axb3 33. axb3 Qh8 34.
Qb6 Rd7 35. Qb5 Kf8 36. Ne4 Red8 37. Qa5 Rc8 38. Qa1 Qg7 39. Nxf6 Qxf6 40. Qxf6
exf6 41. Re4 g5 42. Ra1 Re7 43. Kf2 f5 44. Rxe7 Kxe7 45. Ra7 Rh8 46. Ke3 Kd7
47. Kd4 Kc7 48. b4 Kb6 49. Ra3 Kc7 50. c5 f6 51. Re3 dxc5+ 52. bxc5 Kd7 53. Re6
Rf8 54. Rb6 Kc8 55. d6 Re8 56. d7+ Kxd7 57. Rxb7+ Kc6 58. Rb6+ Kc7 59. Rxf6 Re2
60. g3 h3 61. Rxf5 Rxh2 62. Rxg5 Rh1 63. Rg7+ Kc6 64. Rg6+ Kc7 65. Rg7+ 1/2-1/2

[Event "DEM U16w 2009"]
[Site "Willingen GER"]
[Date "2009.06.06"]
[Round "9"]
[White "Nguyen Minh, Thuy"]
[Black "Schätz, Annika"]
[Result "1-0"]
[Termination "normal"]
[Board "4"]
[WhiteElo "1862"]
[BlackElo "1763"]
[PlyCount "65"]
[WhiteFideId "24672688"]
[BlackFideId "24674796"]
[EventCountry "GER"]
[EventRounds "9"]
[EventType "swiss"]
[EventDate "2009.05.30"]

1. e4 c5 2. Nf3 d6 3. Nc3 Nf6 4. d4 cxd4 5. Nxd4 Nc6 6. Bg5 e6 7. Qd2 a6 8.
O-O-O h6 9. Bf4 Bd7 10. Nxc6 Bxc6 11. f3 d5 12. Qe1 Bb4 13. a3 Bxc3 14. Qxc3
O-O 15. g4 Qe7 16. e5 Nd7 17. h4 Qc5 18. Qd3 Bb5 19. Qd2 Rfc8 20. Be3 Qc6 21.
Bd4 Nc5 22. Kb1 Ba4 23. Rh2 a5 24. h5 Bb5 25. Bxb5 Qxb5 26. g5 Qd7 27. gxh6 g6
28. hxg6 fxg6 29. h7+ Kh8 30. Qg5 Qg7 31. Rh6 Nd7 32. Rxg6 Qf7 33. Rh1 1-0

[Event "DEM U16w 2009"]
[Site "Willingen GER"]
[Date "2009.06.06"]
[Round "9"]
[White "Dorn, Carina"]
[Black "Müller, Alexandra"]
[Result "1-0"]
[Termination "normal"]
[Board "5"]
[WhiteElo "1793"]
[BlackElo "1561"]
[PlyCount "69"]
[WhiteFideId "24666335"]
[BlackFideId "24691496"]
[EventCountry "GER"]
[EventRounds "9"]
[EventType "swiss"]
[EventDate "2009.05.30"]

1. d4 d5 2. c4 e6 3. Nc3 Nf6 4. Bg5 Be7 5. cxd5 exd5 6. e3 O-O 7. Bd3 c6 8. Qc2
Nbd7 9. Nf3 Re8 10. O-O Nf8 11. Rab1 a5 12. Na4 g6 13. a3 Ne6 14. b4 axb4 15.
axb4 Nxg5 16. Nxg5 Nh5 17. Nf3 Bg4 18. Ne5 Be6 19. Nc5 Bxc5 20. Qxc5 f6 21. Nf3
Ng7 22. Nh4 Qd7 23. b5 Rac8 24. bxc6 bxc6 25. Rb6 Bf7 26. Rc1 Re6 27. Be2 Rd6
28. h3 Qe7 29. Ba6 Rc7 30. Rb8+ Be8 31. Rcb1 Rdd7 32. Qb6 Ne6 33. Bc8 Rxc8 34.
Rxc8 Nd8 35. Ra1 1-0

[Event "DEM U16w 2009"]
[Site "Willingen GER"]
[Date "2009.06.06"]
[Round "9"]
[White "Blübaum, Johanna"]
[Black "Micklich, Rahel"]
[Result "1-0"]
[Termination "normal"]
[Board "6"]
[WhiteElo "1951"]
[BlackElo "1779"]
[PlyCount "109"]
[WhiteFideId "24647373"]
[BlackFideId "24639184"]
[EventCountry "GER"]
[EventRounds "9"]
[EventType "swiss"]
[EventDate "2009.05.30"]

1. d4 Nf6 2. c4 c5 3. d5 e5 4. Nc3 d6 5. e3 Be7 6. Be2 Nbd7 7. Nf3 Nb6 8. a4
Bg4 9. Nd2 Bxe2 10. Qxe2 O-O 11. O-O Re8 12. a5 Nc8 13. Ndb1 g6 14. Bd2 Nh5 15.
a6 Qb6 16. axb7 Qxb7 17. Na4 Nb6 18. Nbc3 f5 19. e4 Nxa4 20. Nxa4 Qd7 21. Rfe1
Nf6 22. f3 Reb8 23. Ra3 Rb7 24. Rea1 Rab8 25. Qd3 fxe4 26. fxe4 Qg4 27. Nc3
Rxb2 28. Rxa7 R2b7 29. Qf3 Qxf3 30. gxf3 Nh5 31. Nb5 g5 32. R1a6 Rxa7 33. Rxa7
Kf8 34. Ba5 Bd8 35. Rxh7 Nf6 36. Rh8+ Ng8 37. Bxd8 Rxd8 38. Rh5 Kf7 39. Rxg5
Nf6 40. Rg2 Nh5 41. Ra2 Rd7 42. Ra7 Ke7 43. Rxd7+ Kxd7 44. Kg2 Nf4+ 45. Kg3 Nd3
46. h4 Nf4 47. Kg4 Ng6 48. h5 Nh8 49. f4 exf4 50. Kxf4 Nf7 51. Kf5 Ke7 52. Kg6
Ne5+ 53. Kg7 Nxc4 54. h6 Ne5 55. h7 1-0

[Event "DEM U16w 2009"]
[Site "Willingen GER"]
[Date "2009.06.06"]
[Round "9"]
[White "Falke, Cynthia"]
[Black "Harder, Anne"]
[Result "0-1"]
[Termination "normal"]
[Board "7"]
[WhiteElo "1502"]
[BlackElo "1598"]
[PlyCount "92"]
[WhiteFideId "24600644"]
[BlackFideId "4614631"]
[EventCountry "GER"]
[EventRounds "9"]
[EventType "swiss"]
[EventDate "2009.05.30"]

1. e4 c5 2. Nc3 Nc6 3. d3 g6 4. g3 Bg7 5. Bg2 d6 6. Bd2 Rb8 7. Nf3 b5 8. Qc1
Nf6 9. Bh6 O-O 10. Qg5 b4 11. Ne2 Qa5 12. O-O Ba6 13. Nh4 c4 14. Nf5 Bxh6 15.
Nxe7+ Kg7 16. Nf5+ Qxf5 17. Qxh6+ Kxh6 18. exf5 Ne7 19. dxc4 Bxc4 20. Rfe1 Bxe2
21. Rxe2 Nxf5 22. Rd1 Rfe8 23. Red2 Rbd8 24. Bh3 Ne4 25. Re2 Ng5 26. Bxf5 gxf5
27. Rxe8 Rxe8 28. Rxd6+ Kg7 29. Kf1 Rc8 30. Rd2 Nf3 31. Rd5 Nxh2+ 32. Kg2 Ng4
33. Rxf5 Kg6 34. Rf4 h5 35. Rxb4 Rxc2 36. Kg1 Nxf2 37. Ra4 Rxb2 38. Rxa7 Nd3
39. a4 Ra2 40. Ra6+ f6 41. a5 Nc5 42. Ra8 Kf5 43. Rh8 Rxa5 44. Rxh5+ Kg4 45.
Rh6 Ne4 46. Rg6+ Rg5 0-1

[Event "DEM U16w 2009"]
[Site "Willingen GER"]
[Date "2009.06.06"]
[Round "9"]
[White "Begeluri, Nino"]
[Black "Stitterich, Nadine"]
[Result "1-0"]
[Termination "normal"]
[Board "8"]
[WhiteElo "1776"]
[BlackElo "1918"]
[PlyCount "49"]
[BlackFideId "24676527"]
[EventCountry "GER"]
[EventRounds "9"]
[EventType "swiss"]
[EventDate "2009.05.30"]

1. e4 e5 2. Nf3 Nc6 3. Bc4 Bc5 4. b4 Bxb4 5. c3 Bd6 6. d4 Nf6 7. dxe5 Bxe5 8.
Ng5 d5 9. exd5 Ne7 10. d6 Qxd6 11. Nxf7 Qxd1+ 12. Kxd1 Ne4 13. Nxe5 Nxf2+ 14.
Ke2 Nxh1 15. Be3 Nf5 16. Bf7+ Ke7 17. Bg5+ Kf8 18. Na3 Nhg3+ 19. hxg3 Nxg3+ 20.
Kf3 Nf5 21. Rd1 Nd6 22. Bd5 Bf5 23. g4 h6 24. gxf5 hxg5 25. Ng6+ 1-0

[Event "DEM U16w 2009"]
[Site "Willingen GER"]
[Date "2009.06.06"]
[Round "9"]
[White "Beier, Nina"]
[Black "Carow, Annelen"]
[Result "0-1"]
[Termination "normal"]
[Board "9"]
[WhiteElo "1393"]
[BlackElo "1661"]
[PlyCount "64"]
[WhiteFideId "24660434"]
[BlackFideId "24692492"]
[EventCountry "GER"]
[EventRounds "9"]
[EventType "swiss"]
[EventDate "2009.05.30"]

1. d4 d5 2. Bg5 c6 3. e3 Nf6 4. Bxf6 gxf6 5. Nf3 Qb6 6. Qc1 Bg7 7. c4 O-O 8.
Bd3 e5 9. Nfd2 exd4 10. c5 Qc7 11. exd4 Re8+ 12. Be2 b6 13. Nf1 f5 14. Qd2 Ba6
15. Nc3 bxc5 16. dxc5 d4 17. Nd1 Rxe2+ 18. Qxe2 Bxe2 19. Kxe2 Qe5+ 20. Kd2 Bh6+
21. Kd3 Qe4+ 22. Kc4 d3+ 23. Kb3 Nd7 24. a3 Nxc5+ 25. Ka2 Qc4+ 26. Kb1 Qc2+ 27.
Ka2 Qb3+ 28. Kb1 Qxd1+ 29. Ka2 Qb3+ 30. Kb1 Na4 31. Ra2 Nc3+ 32. Ka1 Qxa2# 0-1

[Event "DEM U16w 2009"]
[Site "Willingen GER"]
[Date "2009.06.06"]
[Round "9"]
[White "Wild, Katharina"]
[Black "Jünger, Theresa"]
[Result "1/2-1/2"]
[Termination "normal"]
[Board "10"]
[WhiteElo "1904"]
[BlackElo "1575"]
[PlyCount "30"]
[WhiteFideId "24678015"]
[EventCountry "GER"]
[EventRounds "9"]
[EventType "swiss"]
[EventDate "2009.05.30"]

1. c4 Nf6 2. Nc3 c5 3. Nf3 Nc6 4. d4 cxd4 5. Nxd4 e6 6. e4 Be7 7. Be3 O-O 8.
Be2 a6 9. O-O d5 10. exd5 exd5 11. cxd5 Nb4 12. Bf3 Nbxd5 13. Nxd5 Nxd5 14. Bd2
Bf6 15. Qb3 Ne7 1/2-1/2

[Event "DEM U16w 2009"]
[Site "Willingen GER"]
[Date "2009.06.06"]
[Round "9"]
[White "Sonnhalter, Stella"]
[Black "Garny, Annica"]
[Result "0-1"]
[Termination "normal"]
[Board "11"]
[WhiteElo "1766"]
[BlackElo "1604"]
[PlyCount "70"]
[WhiteFideId "4624815"]
[BlackFideId "24600660"]
[EventCountry "GER"]
[EventRounds "9"]
[EventType "swiss"]
[EventDate "2009.05.30"]

1. e4 e5 2. Nf3 Nc6 3. Bc4 Bc5 4. c3 Nf6 5. d3 d6 6. Bb3 Ng4 7. O-O f5 8. Ng5
f4 9. Bf7+ Ke7 10. b4 Bxf2+ 11. Rxf2 Nxf2 12. Kxf2 h6 13. Ne6 Bxe6 14. Bxe6
Kxe6 15. Qg4+ Kf7 16. Qf5+ Qf6 17. Qd7+ Qe7 18. Qf5+ Ke8 19. Nd2 Qh4+ 20. Kf1
Ne7 21. Qe6 Qxh2 22. Nf3 Qh5 23. Bb2 Rf8 24. Kf2 Rf6 25. Qc4 c6 26. b5 d5 27.
exd5 Nxd5 28. Re1 Re6 29. bxc6 bxc6 30. Rxe5 Qg6 31. Qxc6+ Kf7 32. Qxd5 Rae8
33. Nd4 Qg3+ 34. Ke2 f3+ 35. gxf3 Qxe5+ 0-1

[Event "DEM U16w 2009"]
[Site "Willingen GER"]
[Date "2009.06.06"]
[Round "9"]
[White "Rusch, Julia"]
[Black "Velina, Valeria"]
[Result "1/2-1/2"]
[Termination "normal"]
[Board "12"]
[WhiteElo "1425"]
[BlackElo "1782"]
[PlyCount "132"]
[BlackFideId "24677345"]
[EventCountry "GER"]
[EventRounds "9"]
[EventType "swiss"]
[EventDate "2009.05.30"]

1. e4 c6 2. d4 d5 3. exd5 cxd5 4. Bd3 Nc6 5. c3 g6 6. Bf4 Bg7 7. Nd2 Nh6 8.
Ngf3 O-O 9. O-O f6 10. Re1 Nf7 11. c4 dxc4 12. Bxc4 Nxd4 13. Nxd4 Qxd4 14. Re4
Qd8 15. Qb3 e5 16. Rae1 Bf5 17. Bxf7+ Rxf7 18. Rb4 b6 19. Be3 Bf8 20. Rh4 g5
21. Rh5 Bg4 22. Rxh7 Kxh7 23. Qxf7+ Kh8 24. h3 Bf5 25. g4 Bh7 26. Nf3 Qe7 27.
Qh5 Kg7 28. Bxg5 fxg5 29. Rxe5 Qf6 30. Rxg5+ Kh8 31. Ne5 Bg7 32. Rf5 Qe6 33. f4
Kg8 34. Rg5 Qxa2 35. Qh6 Qb1+ 36. Kg2 Qxb2+ 37. Kg3 Qa3+ 38. Nf3 Qe7 39. Nh4
Qe1+ 40. Kh2 Qf2+ 41. Ng2 Qd4 42. Kg3 Rf8 43. Qe6+ Kh8 44. Rh5 Qf6 45. Qe4 Bh6
46. Qf3 Qe6 47. g5 Bg7 48. Qd3 Qf5 49. Qxf5 Rxf5 50. Nh4 Rc5 51. Kg4 a5 52.
Ng6+ Kg8 53. Ne7+ Kf8 54. Rxh7 a4 55. Nf5 Rxf5 56. Kxf5 a3 57. Kg6 a2 58. Rxg7
a1=Q 59. Rf7+ Ke8 60. f5 Qh1 61. f6 Qxh3 62. Re7+ Kf8 63. Rh7 Qd3+ 64. Kh6 Qf5
65. Rg7 Qh3+ 66. Kg6 Qd3+ 1/2-1/2

[Event "DEM U16w 2009"]
[Site "Willingen GER"]
[Date "2009.06.06"]
[Round "9"]
[White "Grömping, Carolin"]
[Black "Maiwald, Anja"]
[Result "1-0"]
[Termination "normal"]
[Board "13"]
[WhiteElo "1475"]
[BlackElo "1331"]
[PlyCount "93"]
[EventCountry "GER"]
[EventRounds "9"]
[EventType "swiss"]
[EventDate "2009.05.30"]

1. e4 d5 2. exd5 Qxd5 3. Nc3 Qd6 4. d4 a6 5. Nf3 Nf6 6. g3 Bg4 7. Bg2 e6 8. O-O
Nc6 9. Ne2 O-O-O 10. c3 h6 11. Bf4 Qd7 12. Ne5 Nxe5 13. Bxe5 Be7 14. h3 Bf5 15.
Qb3 Qb5 16. Qxb5 axb5 17. a4 Bd3 18. Rfe1 bxa4 19. Rxa4 Ba6 20. c4 Rhg8 21. b3
Kd7 22. Nc3 Bd6 23. Rd1 Ke7 24. Bxf6+ Kxf6 25. Ne4+ Kg6 26. Nd2 Be7 27. Nf3 Bf6
28. Kf1 Rd6 29. Ke1 Rgd8 30. c5 R6d7 31. c6 Rd6 32. cxb7 Bxb7 33. Nh4+ Bxh4 34.
Bxb7 Bf6 35. Be4+ Kg5 36. Ra5+ Rd5 37. Bxd5 exd5 38. Rd3 c6 39. Ra2 Kg6 40. Rc2
Rd6 41. Ke2 Re6+ 42. Re3 Rd6 43. Kd3 Bd8 44. Rb2 Rf6 45. f4 Kf5 46. Re8 Ba5 47.
b4 1-0